000 00376nam a2200157Ia 4500
008 230917s9999||||xx |||||||||||||| ||und||
020 _cRS5
040 _e71484
_aMAIN
041 _aEnglish
082 _a942 P875R
100 _aPowicke, Maurice
245 0 _aReformation to England
260 _aLondon
_bOxford University Press
_c1961
300 _a153 p.
942 _cBK
999 _c187169
_d187169